Holistic Healing Retreat Pavana Pune (Record no. 363904)
[ view plain ]
| 000 -LEADER | |
|---|---|
| fixed length control field | 00326nam a2200121Ia 4500 |
| 008 - FIXED-LENGTH DATA ELEMENTS--GENERAL INFORMATION | |
| fixed length control field | 250110s9999 xx 000 0 und d |
| 041 ## - LANGUAGE CODE | |
| Language code of text/sound track or separate title | eng |
| 100 ## - MAIN ENTRY--PERSONAL NAME | |
| Personal name | Kaur Tejwans |
| 9 (RLIN) | 183034 |
| 245 ## - TITLE STATEMENT | |
| Title | Holistic Healing Retreat Pavana Pune |
| 260 ## - PUBLICATION, DISTRIBUTION, ETC. (IMPRINT) | |
| Name of publisher, distributor, etc. | BNCA, Pune |
| Date of publication, distribution, etc. | 2017 |
| 300 ## - PHYSICAL DESCRIPTION | |
| Extent | 80p |
| 700 ## - ADDED ENTRY--PERSONAL NAME | |
| Personal name | Guide Name:Kulkarni Prajakta |
| 9 (RLIN) | 210712 |
| Withdrawn status | Lost status | Damaged status | Not for loan | Home library | Current library | Date acquired | Total Checkouts | Barcode | Date last seen | Bill Date | Koha item type | Original Barcode |
|---|---|---|---|---|---|---|---|---|---|---|---|---|
| Dr. Bhanuben Nanavati College of Architecture | Dr. Bhanuben Nanavati College of Architecture | 12/05/2017 | BNCA-PR-1404 | 10/01/2025 | 10/01/2025 | Project Reports | PR1404 |